Statistics for Denmark EURO Squad 2024

Click here to take the quiz!

General Stats

  • This quiz has been taken 10 times
  • The average score is 4 of 22

Answer Stats

HintAnswer% Correct
OGC Nice (GK)Kasper Schmeichel
89%
Tottenham Hotspur (CDM)Pierre-Emile Hojbjerg
67%
AC Milan (CB)Simon Kjaer
56%
Atalanta BC (LB)Joakim Maehle
44%
Manchester United (ST)Rasmus Hojlund
44%
Barcelona (CB)Andres Christensen
22%
Union Berlin (GK)Frederik Ronnow
11%
VFL Wolfburg (ST)Jonas Wind
11%
Brentford (LW)Mikkel Damsgaard
11%
AFC Bournemouth (CM)Philip Billing
11%
SL Benfica (RB)Alexander Bah
0%
RSC Anderlecht (RW)Andres Dreyer
0%
Brentford (CDM)Christian Norgaard
0%
FC Copenhagen (RB)Elias Jelert
0%
Trabzonspor (CB)Jens Strygern Larsen
0%
Brondby IF (GK)Mads Hermansen
0%
Mainz 05 (ST)Marcus Ingvartsen
0%
Brentford (CM)Mathias Jensen
0%
FC Copenhagen (LW)Mohamed Daramy
0%
US Lesse (CDM)Morten Hjulmand
0%
Leeds United (RB)Rasmus Kristensen
0%
Galatasaray (CB)Victor Nelsson
0%

Score Distribution

Percentile by Number Answered

Percent of People with Each Score

Your Score History

You have not taken this quiz